| 000 | 00442nam a2200157 a 4500 | ||
|---|---|---|---|
| 001 | 000034329 | ||
| 005 | 20200930073636.0 | ||
| 008 | 111003s2008 xxu 000 0 spa d | ||
| 020 | _a9780061565458 | ||
| 040 |
_aDO-SdBNP _bspa _cBNPHU |
||
| 100 | 1 |
_aSerrano, Marcela, _d1951- _923453 |
|
| 245 | 1 | 3 |
_aLo que está en mi corazón / _cMarcela Serrano. |
| 260 |
_aNew York : _bGrupo Planeta, _c2008. |
||
| 300 |
_a344 p. ; _c21 cm. |
||
| 049 | _aBNPD | ||
| 999 |
_c33820 _d33820 |
||